LeBron James Quiz - Statistics

General Stats
  • This quiz has been taken 319 times
  • The average score is 6 of 10
Answer Stats
Question Answer % Correct
What team does he play for? Cleveland Cavaliers
98%
What position does he play? Small Forward
94%
What city was he born in? Akron, Ohio
83%
In what year was he born? 1984
70%
Who is the coach of that team? Tyronn Lue
67%
What is his oldest child's name? LeBron James Jr.
55%
Second oldest? Bryce Maximus James
53%
What is his wife's name? Savannah Brinson
39%
Youngest? Zhuri James
19%
Where did he go to college? St. Vincent–St. Mary High School
5%
No matching quizzes found
Score Distribution
Percent of People with Each Score
Percentile by Number Answered
Your Score History
You have not taken this quiz